00000000nam##2200000za#4500
0019.671197
003CaOODSP
00520231123084324
007ta
008150407|2009||||xxc|||||     f|0| 0 eng|d
020 |a978-0-662-06708-5
040 |aCaOODSP|beng
041 |aeng
041 |afre
043 |an-cn---
0861 |aFR5-41/1-2009
1101 |aCanada. |bForeign Affairs and International Trade Canada.
24510|aCanada and the Americas - priorities and progress
260 |aOttawa - Ontario : |bForeign Affairs and International Trade |cc2009.
300 |aEnglish text, 22p. : |bfigs., graphs, photographs ; |c28 cm.
5203 |aProvides an overview of priorities and progress to date in achieving Canada’s vision for the Americas.
563 |aSoftcover
590 |a09-37|b2009-09-11
7760#|tLe Canada dans les Amériques - priorités et progrès |w(CaOODSP)9.636845
7760#|tCanada and the Americas - priorities and progress |w(CaOODSP)9.692578
792 |tLe Canada dans les Amériques - priorités et progrès |efre|w(CaOODSP)9.671198